|
|
|
|
| LEADER |
01134nam a2200313 a 4500 |
| 001 |
000669401 |
| 003 |
CZ BrMZK |
| 005 |
20200610102000.0 |
| 007 |
ta |
| 008 |
030509s2003 xr e f 000 0 cze d |
| 015 |
|
|
|a cnb001244189
|
| 020 |
|
|
|a 80-7281-136-3
|q (váz.)
|
| 035 |
|
|
|a (OCoLC)53266850
|
| 040 |
|
|
|a BOA001
|b cze
|
| 072 |
|
7 |
|a 615.8
|x Fyzioterapie. Psychoterapie. Alternativní lékařství
|2 Konspekt
|9 14
|
| 080 |
|
|
|a 615.89:633.88
|2 MRF
|
| 080 |
|
|
|a (035)
|2 MRF
|
| 100 |
1 |
|
|a Zentrich, Josef Antonín,
|d 1941-2012
|7 jn19990010114
|4 aut
|
| 245 |
1 |
0 |
|a Gemmoterapie :
|b přírodní léčba pupeny /
|c Josef A. Zentrich
|
| 250 |
|
|
|a 2., dopl. vyd.
|
| 260 |
|
|
|a Praha :
|b Eminent,
|c 2003
|
| 300 |
|
|
|a 141 s. ;
|c 21 cm
|
| 504 |
|
|
|a Obsahuje bibliografii
|
| 650 |
0 |
7 |
|a gemmoterapie
|7 ph125665
|2 czenas
|
| 655 |
|
7 |
|a příručky
|7 fd133209
|2 czenas
|
| 856 |
4 |
1 |
|u http://www.digitalniknihovna.cz/mzk/uuid/uuid:a1c3ddd0-2a82-11e3-a5bb-005056827e52
|y Digitalizovaný dokument
|x NDK
|
| 910 |
|
|
|a BOA001
|b 2-1117.550
|
| 990 |
|
|
|a BK
|
| 996 |
6 |
|
|b 2610188845
|c 2-1117.550
|l MZK
|r Sklad / do 1 hodiny
|n 3
|p p.v.
|w 000669401
|u 000010
|a 1
|e BOA001
|j MZK50
|s P
|